| 000 | 00648nam a2200229 i 4500 | ||
|---|---|---|---|
| 001 | bg | ||
| 100 | 1 | _aGARDAN, Yvon | |
| 245 | 0 |
_aInteractive graphics in CAD / _cYvon Gardan and Michel Lucas. |
|
| 260 |
_aLondon : _bKogan Page, _c1985. |
||
| 300 |
_a296 s., [10] s. tabl. kolor. : _brys. ; _c24 cm. |
||
| 504 | _aBibliogr. s. 289-290. | ||
| 650 | 9 | _aGrafika komputerowa | |
| 650 | 9 | _aKomputerowe wspomaganie projektowania | |
| 700 | 1 | _aLUCAS, Michel | |
| 020 | _a0850387981 | ||
| 040 | _cBPK | ||
| 041 | _apol | ||
| 080 | _a004.92:62.003.13/.14 | ||
| 920 | _a0-85038-798-1 | ||
| 942 | _cKS | ||
| 008 | s pl f |000 0 pol | ||
| 999 |
_c23804 _d23804 |
||
| 856 |
_uhttp://koha.tu.koszalin.pl/cgi-bin/koha/opac-detail.pl?biblionumber=23804 _yKatalog online BPK |
||